000 00401nam a2200169Ia 4500
003 GCL
008 140319s9999 xx 000 0 eng d
040 _aGCL /
_cGCL
082 0 4 _a709.022
_bM L
100 1 _aMARTIN, HENRY
245 1 0 _aL'ART COTHIQUE /
_cMARTIN, HENRY
260 _a[S.N] :
_bFlam marion ،
_c1927
300 _a63 P
650 0 4 _aGOTHIC ART
650 0 4 _aARTS
942 _2ddc
_cBK
999 _c15456
_d15456